| 000 | 00440nam a2200169 a 4500 | ||
|---|---|---|---|
| 001 | 0000-9335 | ||
| 003 | ELIB.Books | ||
| 008 | 110520 1988 | ||
| 035 | _a(ELIB.Books)0000-9487 | ||
| 082 |
_a230 _bFly |
||
| 100 | _aFlynn, Leslie B. | ||
| 245 | _aWhen the saints come storming in | ||
| 260 |
_bEngland: A Division of Scripture Press _c1988 |
||
| 650 | _aTheology | ||
| 942 |
_2ddc _cBK |
||
| 998 |
_cbat _e2011-05-20 |
||
| 999 |
_c9335 _d9335 |
||